Art of Speech & Debate (Record no. 614652)

000 -LEADER
fixed length control field 00271nam a22001217a 4500
040 ## - CATALOGING SOURCE
Transcribing agency 0
082 ## - DEWEY DECIMAL CLASSIFICATION NUMBER
Classification number 808.53
Author Mark M394 A
100 ## - MAIN ENTRY--PERSONAL NAME
Personal name Muhammad Masood
9 (RLIN) 130461
245 ## - TITLE STATEMENT
Title Art of Speech & Debate
260 ## - PUBLICATION, DISTRIBUTION, ETC.
Place of publication, distribution, etc. Lahore
Name of publisher, distributor, etc. Omer Publishers
300 ## - PHYSICAL DESCRIPTION
Extent 224p.
942 ## - ADDED ENTRY ELEMENTS (KOHA)
Source of classification or shelving scheme
Koha item type Book
Holdings
Withdrawn status Lost status Source of classification or shelving scheme Damaged status Not for loan Permanent Location Current Location Date acquired Total Checkouts Full call number Barcode Date last seen Price effective from Koha item type
          School of Chemical & Materials Engineering (SCME) School of Chemical & Materials Engineering (SCME) 09/08/2025   808.53 M394 A SCME-D305 09/08/2025 09/08/2025 Book
© 2023 Central Library, National University of Sciences and Technology. All Rights Reserved.